Migraciones internacionales, trf̀ico y trata de seres humanos Una visin̤ desde Cuba /

Detalles Bibliográficos
Autor principal: Medina Cuenca, Arnel
Formato: eBook
Lenguaje:español
Publicado: La Habana : Unin̤ Nacional de Juristas de Cuba, 2015
Materias:
Acceso en línea:Acceso restringido

MARC

LEADER 00000nam a22000007a 4500
005 20150402144923.0
007 cr|||| ||||
008 150402s2015 cu |||||s|||| 00||0 spa d
020 |a 978-959-7219-19-4 
035 |a 12632 
040 |a 978-959-7219-19-4 
090 |c 5382  |d 5382 
100 1 |a Medina Cuenca, Arnel 
245 1 0 |a Migraciones internacionales, trf̀ico y trata de seres humanos  |h [Recurso electrn̤ico] :  |b  Una visin̤ desde Cuba /  |c Arnel Medina Cuenca 
256 |a Servicio en ln̕ea 
260 |a La Habana :  |b Unin̤ Nacional de Juristas de Cuba,  |c 2015 
300 |a 1 recurso electrn̤ico 
506 1 |a Contenido disponible en los productos indicados  |d vLex Global  |d vLex Global (Academic Edition, excluding Law Schools)  |d vLex Global (U.S. Academic Edition, Law Schools)  |d vLex Global (U.S. Academic Edition, excluding Law Schools)  |d vLex Global (Academic Edition, Law Schools) 
650 0 4 |a Trf̀ico de personas  |z Cuba 
740 0 |a vLex Libros (Servicio en ln̕ea) 
856 4 0 |u http://vlex.com/source/migraciones-internacionales-trafico-trata-seres-humanos-vision-cuba-12632  |z Acceso restringido 
942 |c BOOK 
999 0 |a Human trafficking